भागवत-दर्शन : (Record no. 216101)

MARC details
000 -LEADER
fixed length control field 01172nam a22002177a 4500
005 - DATE AND TIME OF LATEST TRANSACTION
control field 20260508130730.0
010 ## - LCCN (DPL NO)
LC control number HIN-131223-24
020 ## - INTERNATIONAL STANDARD BOOK NUMBER
Terms of availability 600.00 (खंड-1)
020 ## - INTERNATIONAL STANDARD BOOK NUMBER
Terms of availability 700.00 (खंड-2)
035 ## - SYSTEM CONTROL NUMBER
System control number HN-103569-70
037 ## - SOURCE OF ACQUISITION
Source of stock number/acquisition DBAD
082 ## - DEWEY DECIMAL CLASSIFICATION NUMBER
Classification number 230.2
100 ## - MAIN ENTRY--PERSONAL NAME
Personal name अखण्डानन्द सरस्वती
245 ## - TITLE STATEMENT
Title भागवत-दर्शन :
Statement of responsibility, etc अखण्डानन्द सरस्वती ; सतीशबाला महेन्द्रलाल जेठी द्वारा संकलित
Remainder of title (श्रीमद्भागवत-महापुराण) /
260 ## - PUBLICATION, DISTRIBUTION, ETC. (IMPRINT)
Place of publication, distribution, etc मुंबई
Name of publisher, distributor, etc सत्साहित्य प्रकाशन
Date of publication, distribution, etc 2015
270 ## - ADDRESS
Address 'विपुल' 28/16 बी.जी.खेर मार्ग मालाबार हिल
City मुंबई
Postal code 400006
Telephone number 23682055
300 ## - PHYSICAL DESCRIPTION
Extent खंड-2 वि.पृ.
Dimensions 25 सेमी (सजिल्द )
Other physical details सचित्र
490 ## - SERIES STATEMENT
Volume number/sequential designation 2 खंडो का सेट
700 ## - ADDED ENTRY--PERSONAL NAME
Personal name जेठी, सतीशबाला महेन्द्रलाल
9 (RLIN) 89030
942 ## - ADDED ENTRY ELEMENTS (KOHA)
Source of classification or shelving scheme Dewey Decimal Classification
Item type Hindi Books
Classification part 230.2
Call number suffix अखण्डा
Holdings
Withdrawn status Lost status Materials specified (bound volume or other part) Not for loan Collection code Home library Current library Date acquired Source of acquisition Cost, normal purchase price Full call number Barcode Copy number Cost, replacement price Koha item type
    खंड 1 Not For Loan Reference Sarojini Nagar Sarojini Nagar 08/05/2026 DBAD 600.00 230.2 अखण्डा HN-103569 1 600.00 Hindi Books
    खंड 2 Not For Loan Reference Sarojini Nagar Sarojini Nagar 08/05/2026 DBAD 700.00 230.2 अखण्डा HN-103570 2 700.00 Hindi Books

© Delhi Public Library
Hit Counter
free hit counter